Kinetic modeling of liquid-phase hydrogenation reactions
El autor hace una disertacin̤, basada en su experiencia como investigador, acerca de los procesos de hidrogenacin̤ en fase liquida. El documento incluye, adems̀ de aspectos experimentales, sus observaciones acerca de los fenm̤enos de transferencia de masa y calor, cinťicas, equilibrios qum̕icos, as...
Saved in:
| Andre forfattere: | , |
|---|---|
| Format: | Bog |
| Sprog: | engelsk |
| Fag: | |
| Online adgang: | Kinetic modeling of liquid-phase hydrogenation reactions |
| Tags: |
Tilføj Tag
Ingen Tags, Vær først til at tagge denne postø!
|
MARC
| LEADER | 00000nam a22000004a 4500 | ||
|---|---|---|---|
| 001 | vpro2855 | ||
| 005 | 20201223000000.0 | ||
| 008 | 120906s2008 ck # g## #001 0#eng#d | ||
| 020 | |a 9512269120 | ||
| 022 | |||
| 040 | |a CO-BoINGC | ||
| 041 | 0 | |a eng | |
| 245 | 1 | 0 | |a Kinetic modeling of liquid-phase hydrogenation reactions |
| 246 | |a Modelado cinťico de reacciones de hidrogenacin̤ en fase liquida | ||
| 264 | |a Bogot ̀(Colombia) : |b Revista VirtualPRO, |c 2008 | ||
| 520 | 3 | |a El autor hace una disertacin̤, basada en su experiencia como investigador, acerca de los procesos de hidrogenacin̤ en fase liquida. El documento incluye, adems̀ de aspectos experimentales, sus observaciones acerca de los fenm̤enos de transferencia de masa y calor, cinťicas, equilibrios qum̕icos, aspectos termodinm̀icos, etc., que afectan este tipo de procesos qum̕icos. | |
| 650 | \ | \ | |a Ingeniera̕ qum̕ica |
| 650 | \ | \ | |a Cinťica qum̕ica |
| 650 | \ | \ | |a Reacciones qum̕icas |
| 650 | \ | \ | |a Simulacin̤ por computador |
| 650 | \ | \ | |a Hidrogenacin̤ |
| 650 | \ | \ | |a Propiedades termodinm̀icas |
| 650 | \ | \ | |a Chemical engineering |
| 650 | \ | \ | |a Chemical kinetics |
| 650 | \ | \ | |a Chemical reactions |
| 650 | \ | \ | |a Computerized simulation |
| 650 | \ | \ | |a Hydrogenation |
| 650 | \ | \ | |a Thermodynamic properties |
| 650 | \ | \ | |a Procesos de hidrogenacin̤ |
| 650 | \ | \ | |a Transferencia de masa |
| 650 | \ | \ | |a Transferencia de calor |
| 650 | \ | \ | |a Modelos cinťicos |
| 650 | \ | \ | |a Equilibrios qum̕icos |
| 650 | \ | \ | |a Termodinm̀ica |
| 650 | \ | \ | |a Hydrogenation processes |
| 650 | \ | \ | |a Mass transfer |
| 650 | \ | \ | |a Heat transfer |
| 650 | \ | \ | |a Kinetic models |
| 650 | \ | \ | |a Chemical equilibria |
| 650 | \ | \ | |a Thermodynamics |
| 700 | \ | \ | |a Lylykangas Mikko |
| 700 | \ | \ | |a Department of Chemical Technology, Helsinki University of Technology |
| 856 | |z Kinetic modeling of liquid-phase hydrogenation reactions |u https://virtualpro.unach.elogim.com/biblioteca/modelado-cinetico-de-reacciones-de-hidrogenacion-en-fase-liquida | ||